000
00262nam a22001097a 4500
008
160520b xxu||||| |||| 00| 0 eng d
020
_a
0070390649
041
_a
eng
080
_a
316.77
245
_a
The art of public speaking:
_c
Tephen E. Lucas;
942
_2
udc
_c
BK
999
_c
2306
_d
2306